Procedures in experimental physics (Record no. 1131)

MARC details
000 -LEADER
fixed length control field 00508nam a2200169Ia 4500
003 - CONTROL NUMBER IDENTIFIER
control field IN-BaIIA
008 - FIXED-LENGTH DATA ELEMENTS--GENERAL INFORMATION
fixed length control field 211028s9999 xx 000 0 eng d
040 ## - CATALOGING SOURCE
Transcribing agency IIA Library
080 ## - UNIVERSAL DECIMAL CLASSIFICATION NUMBER
Universal Decimal Classification number 53
Item number STR
100 ## - MAIN ENTRY--PERSONAL NAME
Personal name Strong, John
9 (RLIN) 2379
245 #0 - TITLE STATEMENT
Title Procedures in experimental physics
Statement of responsibility, etc. John Strong
260 ## - PUBLICATION, DISTRIBUTION, ETC.
Place of publication, distribution, etc. New York
Name of publisher, distributor, etc. Prentice-Hall
Date of publication, distribution, etc. 1939
300 ## - PHYSICAL DESCRIPTION
Extent x, 642p.
490 ## - SERIES STATEMENT
Series statement Prentice-Hall physics series
650 ## - SUBJECT ADDED ENTRY--TOPICAL TERM
Topical term or geographic name entry element Physics-Laboratory manuals
9 (RLIN) 2380
942 ## - ADDED ENTRY ELEMENTS (KOHA)
Koha item type Books
Holdings
Withdrawn status Lost status Damaged status Not for loan Home library Current library Shelving location Date acquired Total Checkouts Full call number Barcode Date last seen Price effective from Koha item type
        IIA Library-Bangalore IIA Library-Bangalore General Stacks     53/ STR 1189 05/11/2021   Books

Powered by Koha